Gaming Quiz

Random Gaming or Video Games Quiz

Movies on Sega Genesis Quiz Stats

 Plays Quiz not verified by Sporcle

Score 0/44 Timer 04:00
0 Plays Today
% Correct
Aladdin
81.1%
Jurassic Park
80.4%
Batman Forever
78.9%
Indiana Jones and the Last Crusade
77.8%
The Addams Family
77.3%
Batman Returns
76.8%
Ghostbusters
75.6%
Batman
75.1%
Home Alone 2: Lost in New York
74.9%
The Lion King
74.4%
Home Alone
73.4%
Back to the Future Part III
69.6%
Mighty Morphin Power Rangers: The Movie
69.4%
The Lost World: Jurassic Park
69.1%
Alien 3
68.9%
Hook
67.7%
Demolition Man
66.5%
T2: Terminator 2: Judgement Day
66.5%
Bram Stoker's Dracula
66.3%
The Jungle Book
65.6%
Addams Family Values
64.8%
The Little Mermaid
64.8%
% Correct
Dick Tracy
64.6%
Last Action Hero
64.4%
Toy Story
64.4%
Predator 2
62.2%
Cliffhanger
61.2%
Rambo III
60.3%
Judge Dredd
59.6%
RoboCop 3
59.3%
Dragon: The Bruce Lee Story
59.1%
3 Ninja's Kick Back
57.4%
Fantasia
56.5%
The Lawnmower Man
54.8%
Mary Shelley's Frankenstein
54.5%
The Terminator
51.2%
Pocahontas
48.6%
Wayne's World
48.6%
The Pagemaster
48.1%
Universal Soldier
45.7%
Stargate
42.1%
Pinocchio
41.4%
True Lies
38%
Warlock
31.6%

You're not logged in!

Compare scores with friends on all Sporcle quizzes.
OR
Log In

Sporcle TV

Today on Sporcle TV


Watch our educational content, quiz creation guides, and fun videos on Sporcle TV.

Show Comments

Extras

Top Quizzes Today


Score Distribution

Your Account Isn't Verified!

In order to create a playlist on Sporcle, you need to verify the email address you used during registration. Go to your Sporcle Settings to finish the process.

Report this User

Report this user for behavior that violates our Community Guidelines.

Details: